| 000 | 00725nam a2200265Ia 4500 | ||
|---|---|---|---|
| 003 | OSt | ||
| 005 | 20220912144913.0 | ||
| 006 | a|||||r|||| 00| 0 | ||
| 007 | ta | ||
| 008 | 220909b |||||||| |||| 00| 0 eng d | ||
| 024 | _a66604 | ||
| 037 | _cAnnuals, Advances | ||
| 040 |
_aCSL _beng _cCSL |
||
| 041 | _aeng | ||
| 082 | _aG, J55 CL | ||
| 100 | _aMainx Felix | ||
| 245 | 0 | _aFoundations of biology | |
| 260 |
_aChicago _bUniversity fo Chicago press _c1955 |
||
| 300 |
_aii,86p. _ccm. |
||
| 490 | _aInternational encyclopaedia of unified science; 1 | ||
| 500 | _aBibliography p.85-86 | ||
| 650 | _aBiology | ||
| 942 |
_hG, J55 CL _cREF _2CC |
||
| 999 |
_c18753 _d18753 |
||